Earth science (Record no. 75689)
[ view plain ]
| 000 -LEADER | |
|---|---|
| fixed length control field | 01167nam a2200205 a 4500 |
| 008 - FIXED-LENGTH DATA ELEMENTS--GENERAL INFORMATION | |
| fixed length control field | 120416s1977 ||||||||||||||||| || u |
| 020 ## - INTERNATIONAL STANDARD BOOK NUMBER | |
| International Standard Book Number | 0397437471 |
| 050 ## - LIBRARY OF CONGRESS CALL NUMBER | |
| Classification number | QB 631 Bro |
| 100 ## - MAIN ENTRY--PERSONAL NAME | |
| Personal name | Brown, Walter R |
| 245 10 - TITLE STATEMENT | |
| Title | Earth science |
| 246 ## - | |
| -- | a search for understanding |
| 260 ## - PUBLICATION, DISTRIBUTION, ETC. | |
| Place of publication, distribution, etc. | New York |
| Name of publisher, distributor, etc. | J.B. Lippincott Co |
| Date of publication, distribution, etc. | 1977 |
| 300 ## - PHYSICAL DESCRIPTION | |
| Extent | xvii, 703p. : ill |
| 350 ## - | |
| -- | 0.00 |
| 995 ## - | |
| -- | ANNEX COLLECTION (Main Library) |
| -- | 0.00 |
| -- | 713989 |
| -- | CBU-MAIN LIBRARY (Kitwe) |
| -- | 1 |
| -- | 16.36 |
| -- | QB 631 Bro |
| -- | 2 |
| -- | AVAILABLE |
| -- | 012747 |
| -- | Annex Low-Usage Collection |
| 995 ## - | |
| -- | MAIN LIBRARY OPEN ACCESS |
| -- | 0.00 |
| -- | 012746 |
| -- | CBU-MAIN LIBRARY (Kitwe) |
| -- | 2 |
| -- | 16.36 |
| -- | QB 631 Bro |
| -- | 1 |
| -- | AVAILABLE |
| -- | 012746 |
| -- | Main Library Open Access Collection |
| 995 ## - | |
| -- | TEXTBOOKS (SBE) |
| -- | 0.00 |
| -- | 2179 |
| -- | CBU-SCHOOL TEXTBOOK COLLECTIONS |
| -- | 1 |
| -- | 0.00 |
| -- | SCHOOL TEXTBOOK |
| -- | 3 |
| -- | AVAILABLE |
| -- | Nov 4, 2008 |
| -- | 2179 |
| -- | School Collections |
| 995 ## - | |
| -- | TEXTBOOKS (SBE) |
| -- | 0.00 |
| -- | 2165 |
| -- | CBU-SCHOOL TEXTBOOK COLLECTIONS |
| -- | 1 |
| -- | 0.00 |
| -- | SCHOOL TEXTBOOK |
| -- | 4 |
| -- | AVAILABLE |
| -- | Nov 4, 2008 |
| -- | 2165 |
| -- | School Collections |
| 995 ## - | |
| -- | TEXTBOOKS (SBE) |
| -- | 0.00 |
| -- | 2175 |
| -- | CBU-SCHOOL TEXTBOOK COLLECTIONS |
| -- | 1 |
| -- | 0.00 |
| -- | SCHOOL TEXTBOOK |
| -- | 5 |
| -- | AVAILABLE |
| -- | Nov 4, 2008 |
| -- | 2175 |
| -- | School Collections |
| 999 ## - | |
| -- | 75689 |
| -- | 75689 |
| Withdrawn status | Lost status | Source of classification or shelving scheme | Damaged status | Not for loan | Permanent Location | Current Location | Shelving location | Date acquired | Total Checkouts | Full call number | Barcode | Date last seen | Copy number | Price effective from | Koha item type |
|---|---|---|---|---|---|---|---|---|---|---|---|---|---|---|---|
| CBU-MAIN LIBRARY, KITWE. | CBU-MAIN LIBRARY, KITWE. | 04/24/2023 | QB 631 Bro | 012747 | 04/24/2023 | 1 | 04/24/2023 | MONOGRAPH | |||||||
| CBU-MAIN LIBRARY, KITWE. | CBU-MAIN LIBRARY, KITWE. | 04/24/2023 | QB 631 Bro | 012746 | 04/24/2023 | 2 | 04/24/2023 | MONOGRAPH | |||||||
| CBU-SCHOOL TEXT BOOK COLLECTION | CBU-SCHOOL TEXT BOOK COLLECTION | 04/24/2023 | SCHOOL TEXTBOOK | 2179 | 04/24/2023 | 3 | 04/24/2023 | MONOGRAPH | |||||||
| CBU-SCHOOL TEXT BOOK COLLECTION | CBU-SCHOOL TEXT BOOK COLLECTION | 04/24/2023 | SCHOOL TEXTBOOK | 2165 | 04/24/2023 | 4 | 04/24/2023 | MONOGRAPH | |||||||
| CBU-SCHOOL TEXT BOOK COLLECTION | CBU-SCHOOL TEXT BOOK COLLECTION | 04/24/2023 | SCHOOL TEXTBOOK | 2175 | 04/24/2023 | 5 | 04/24/2023 | MONOGRAPH |